Can u guess how many and what countries do these countries border?num1 - Statistics

General Stats
  • This quiz has been taken 19 times
  • The average score is 9 of 10
Answer Stats
Hint Answer % Correct
Germany
100%
Spain
100%
Belgium
95%
Italy
95%
Switzerland
95%
Andorra
89%
Luxembourg
89%
Monaco
79%
Suriname
63%
France Brazil
58%
No matching quizzes found
Score Distribution
Percent of People with Each Score
Percentile by Number Answered
Your Score History
You have not taken this quiz